[Event "Belgrade Serbia op"]
[Site "Belgrade"]
[Date "2023.07.21"]
[Round "6"]
[White "Oktem, Ege Tuna"]
[Black "Mamatov, Melis"]
[Result "1/2-1/2"]
[WhiteElo "2112"]
[BlackElo "2403"]
[PlyCount "45"]
[EventDate "2023.07.16"]
[EventType "swiss"]
[EventRounds "9"]
[EventCountry "SRB"]
[SourceTitle "CBM 215 Extra"]
[Source "ChessBase"]
[SourceDate "2023.09.30"]
[SourceVersion "1"]
[SourceVersionDate "2023.09.30"]
[SourceQuality "1"]

1. e4 e5 2. Nf3 Nc6 3. Bc4 d6 4. d4 Be7 5. dxe5 dxe5 6. Qxd8+ Bxd8 7. Nc3 a6 8. Be3 Be7 9. 0-0-0 Bg4 10. Nd5 Bd6 11. h3 Bh5 12. Rhe1 Nge7 13. Bg5 f6 14. Bxf6 Nxd5 15. exd5 gxf6 16. dxc6 bxc6 17. g4 Bg6 18. Nd4 Kd7 19. Be6+ Ke7 20. Bc4 Kd7 21. Be6+ Ke7 22. Bc4 Kd7 23. Be6+ 1/2-1/2

[Event "Belgrade Serbia op"]
[Site "Belgrade"]
[Date "2023.07.19"]
[Round "4"]
[White "Jocev, Milan"]
[Black "Oktem, Ege Tuna"]
[Result "1-0"]
[WhiteElo "2321"]
[BlackElo "2112"]
[PlyCount "55"]
[EventDate "2023.07.16"]
[EventType "swiss"]
[EventRounds "9"]
[EventCountry "SRB"]
[SourceTitle "CBM 215 Extra"]
[Source "ChessBase"]
[SourceDate "2023.09.30"]
[SourceVersion "1"]
[SourceVersionDate "2023.09.30"]
[SourceQuality "1"]

1. d4 d5 2. c4 c6 3. Nf3 Nf6 4. e3 Bg4 5. Nc3 e6 6. h3 Bh5 7. Qb3 Qb6 8. Bd3 Nbd7 9. Bd2 Bb4 10. cxd5 exd5 11. 0-0 Bxc3 12. bxc3 Qxb3 13. axb3 Ne4 14. Be1 f6 15. Nh4 Nd6 16. g4 Bf7 17. f3 Nb6 18. Bg3 Ndc8 19. Rfc1 Ne7 20. c4 g5 21. Nf5 Nxf5 22. gxf5 a6 23. c5 Nd7 24. Bd6 0-0-0 25. Rxa6 Nb8 26. Ra8 Kd7 27. Rca1 Na6 28. Ra7 1-0

[Event "TUR-chT 2nd League"]
[Site "Denizli"]
[Date "2023.07.12"]
[Round "5.22"]
[White "Oktem, Ege Tuna"]
[Black "Rzayev, Bahruz Iqbal Oglu"]
[Result "0-1"]
[WhiteElo "2112"]
[BlackElo "2331"]
[PlyCount "96"]
[EventDate "2023.07.09"]
[EventType "team-swiss"]
[EventRounds "9"]
[EventCountry "TUR"]
[SourceTitle "CBM 215 Extra"]
[Source "ChessBase"]
[SourceDate "2023.09.30"]
[SourceVersion "1"]
[SourceVersionDate "2023.09.30"]
[SourceQuality "1"]
[WhiteTeam "Ankara Genclik"]
[BlackTeam "Yildiz"]
[WhiteTeamCountry "TUR"]
[BlackTeamCountry "TUR"]

1. e4 c5 2. c3 Nf6 3. e5 Nd5 4. Nf3 e6 5. d4 cxd4 6. cxd4 d6 7. exd6 Bxd6 8. Bd3 0-0 9. 0-0 Nd7 10. Nc3 N7f6 11. Bg5 Be7 12. Ne5 Bd7 13. Rc1 Bc6 14. Bb1 Rc8 15. Qd3 g6 16. Bh6 Re8 17. a3 Nxc3 18. Rxc3 Qd5 19. Nxc6 Rxc6 20. Rxc6 Qxc6 21. Ba2 Rd8 22. Bg5 Qb6 23. Qf3 Nd5 24. Bxd5 Bxg5 25. Bxb7 Qxb2 26. Rd1 Rxd4 27. Rxd4 Qxd4 28. g3 Be7 29. Ba6 Kg7 30. Kg2 Qb6 31. Qd3 Bc5 32. Qc3+ Bd4 33. Qd2 Bxf2 34. Qxf2 Qxa6 35. Qd4+ f6 36. Qd7+ Kh6 37. Qe7 e5 38. h4 Qe2+ 39. Kh3 Qf1+ 40. Kh2 Qf2+ 41. Kh3 Qf3 42. Kh2 a5 43. Qc5 a4 44. Qf8+ Kh5 45. Qf7 Kg4 46. Qe6+ f5 47. Qxe5 Qf2+ 48. Kh1 Qf1+ 0-1

[Event "TUR-chT 2nd League"]
[Site "Denizli"]
[Date "2023.07.11"]
[Round "4.73"]
[White "Manas, Eren"]
[Black "Oktem, Ege Tuna"]
[Result "0-1"]
[WhiteElo "1602"]
[BlackElo "2112"]
[PlyCount "114"]
[EventDate "2023.07.09"]
[EventType "team-swiss"]
[EventRounds "9"]
[EventCountry "TUR"]
[SourceTitle "CBM 215 Extra"]
[Source "ChessBase"]
[SourceDate "2023.09.30"]
[SourceVersion "1"]
[SourceVersionDate "2023.09.30"]
[SourceQuality "1"]
[WhiteTeam "Pamukkale Yonetimi"]
[BlackTeam "Ankara Genclik"]
[WhiteTeamCountry "TUR"]
[BlackTeamCountry "TUR"]

1. e4 e6 2. d4 d5 3. Nd2 Be7 4. Ngf3 Nf6 5. Bd3 c5 6. exd5 exd5 7. dxc5 0-0 8. 0-0 a5 9. Nb3 Na6 10. a4 Nxc5 11. Nxc5 Bxc5 12. b3 Bg4 13. h3 Bh5 14. Bb2 Ne4 15. g4 Bg6 16. Bd4 Bxd4 17. Nxd4 Qf6 18. Nb5 Rad8 19. f4 Qb6+ 20. Kh2 f5 21. g5 Rfe8 22. Be2 d4 23. Bd3 Bf7 24. Re1 Qc5 25. Qf3 Bd5 26. Bc4 Bxc4 27. bxc4 Qxc4 28. Qd3 Qxd3 29. cxd3 Nc5 30. Rxe8+ Rxe8 31. Nxd4 g6 32. Rb1 Nxa4 33. Rxb7 Nc5 34. Rb5 Nxd3 35. Rxa5 Nxf4 36. Kg3 Ne2+ 37. Nxe2 Rxe2 38. Ra8+ Kf7 39. Rh8 Re3+ 40. Kg2 Kg7 41. Ra8 Re7 42. Kf3 h6 43. h4 Rb7 44. Ra6 Rb3+ 45. Kg2 hxg5 46. hxg5 Rb4 47. Ra7+ Kf8 48. Kf3 Rg4 49. Rb7 Ke8 50. Rg7 Rxg5 51. Kf4 Rg4+ 52. Ke5 f4 53. Rh7 f3 54. Rh3 f2 55. Rf3 Rg5+ 56. Ke6 Rf5 57. Ra3 Kf8 0-1

[Event "TUR-chT 2nd League"]
[Site "Denizli"]
[Date "2023.07.10"]
[Round "2.73"]
[White "Ozkeskin, Nazim Efe"]
[Black "Oktem, Ege Tuna"]
[Result "0-1"]
[WhiteElo "1737"]
[BlackElo "2112"]
[PlyCount "41"]
[EventDate "2023.07.09"]
[EventType "team-swiss"]
[EventRounds "9"]
[EventCountry "TUR"]
[SourceTitle "CBM 215 Extra"]
[Source "ChessBase"]
[SourceDate "2023.09.30"]
[SourceVersion "1"]
[SourceVersionDate "2023.09.30"]
[SourceQuality "1"]
[WhiteTeam "Cesme Belediye"]
[BlackTeam "Ankara Genclik"]
[WhiteTeamCountry "TUR"]
[BlackTeamCountry "TUR"]

1. e4 e6 2. d4 d5 3. e5 c5 4. c3 Nc6 5. Nf3 Qb6 6. Na3 cxd4 7. cxd4 Bd7 8. Nc2 Rc8 9. Be2 Nb4 10. Nxb4 Bxb4+ 11. Bd2 Bxd2+ 12. Qxd2 Bb5 13. 0-0 Bxe2 14. Qxe2 Ne7 15. Rac1 0-0 16. Qd2 Qa6 17. b3 h6 18. h4 Qb5 19. Kh1 Rc6 20. g3 Rfc8 21. Kg2 0-1

[Event "TUR-chT 2nd League"]
[Site "Denizli"]
[Date "2023.07.09"]
[Round "1.93"]
[White "Oktem, Ege Tuna"]
[Black "Boz, Fatih Emre"]
[Result "1-0"]
[WhiteElo "2112"]
[BlackElo "1778"]
[PlyCount "101"]
[EventDate "2023.07.09"]
[EventType "team-swiss"]
[EventRounds "9"]
[EventCountry "TUR"]
[SourceTitle "CBM 215 Extra"]
[Source "ChessBase"]
[SourceDate "2023.09.30"]
[SourceVersion "1"]
[SourceVersionDate "2023.09.30"]
[SourceQuality "1"]
[WhiteTeam "Ankara Genclik"]
[BlackTeam "Denizli Ihtisas"]
[WhiteTeamCountry "TUR"]
[BlackTeamCountry "TUR"]

1. e4 c5 2. c3 Nf6 3. e5 Nd5 4. Nf3 Nc6 5. d4 cxd4 6. cxd4 d6 7. Bc4 Nb6 8. Bb3 d5 9. Nh4 g6 10. 0-0 Be6 11. f4 Qd7 12. Be3 Bg7 13. Nc3 Na5 14. Bc2 Nac4 15. Bc1 Bf5 16. Nxf5 gxf5 17. Qh5 e6 18. b3 Na5 19. Bd3 a6 20. Ba3 Nc6 21. Ne2 Nc8 22. g4 N8e7 23. Bxe7 Nxe7 24. gxf5 Nxf5 25. Bxf5 exf5 26. Ng3 Qe6 27. Rac1 Bf8 28. Qxf5 Qxf5 29. Nxf5 Kd7 30. Ne3 Ba3 31. Rc2 Rac8 32. Rg2 Kc6 33. Rc2+ Kd7 34. Rff2 Rxc2 35. Rxc2 Rc8 36. Rxc8 Kxc8 37. Nxd5 Bb2 38. Nf6 Bxd4+ 39. Kg2 h6 40. Kf3 Kd8 41. Ke4 Bg1 42. h4 Bc5 43. h5 Bf8 44. Kd5 Ke7 45. Nh7 Bg7 46. f5 Kd7 47. f6 Bh8 48. e6+ fxe6+ 49. Ke5 a5 50. Nf8+ Ke8 51. Ng6 1-0

[Event "EU-ch U12 30th"]
[Site "Antalya"]
[Date "2022.11.13"]
[Round "8"]
[White "Witczak, Borys"]
[Black "Oktem, Ege Tuna"]
[Result "1-0"]
[WhiteElo "1767"]
[BlackElo "2039"]
[PlyCount "75"]
[EventDate "2022.11.06"]
[EventType "swiss"]
[EventRounds "9"]
[EventCountry "TUR"]
[SourceTitle "CBM 211 Extra"]
[Source "ChessBase"]
[SourceDate "2023.01.31"]
[SourceVersion "1"]
[SourceVersionDate "2023.01.31"]
[SourceQuality "1"]

1. d4 d5 2. c4 c6 3. cxd5 cxd5 4. Bf4 Nc6 5. e3 Nf6 6. Nc3 a6 7. Be2 Bf5 8. Nf3 e6 9. Qb3 Bd6 10. Qxb7 Na5 11. Qxa8 Qxa8 12. Bxd6 Nd7 13. Nh4 Bg6 14. 0-0 f6 15. Nxg6 hxg6 16. Rfc1 Kf7 17. b4 Nb7 18. Bg3 Rc8 19. a4 Nb6 20. a5 Nc4 21. Na4 Nbd6 22. Nb6 Nxb6 23. axb6 Nc4 24. Bc7 Qc6 25. Bxc4 dxc4 26. Ra5 Ke7 27. Rc5 Qb7 28. R5xc4 Kd7 29. Rc5 g5 30. Ra1 Ra8 31. Rca5 Rc8 32. Rxa6 Qc6 33. Ra7 f5 34. b7 Kxc7 35. bxc8Q+ Kxc8 36. Ra8+ Kc7 37. R1a7+ Kd6 38. Rd8+ 1-0

[Event "EU-ch U12 30th"]
[Site "Antalya"]
[Date "2022.11.07"]
[Round "2"]
[White "Fellowes, Billy"]
[Black "Oktem, Ege Tuna"]
[Result "0-1"]
[WhiteElo "1766"]
[BlackElo "2039"]
[PlyCount "117"]
[EventDate "2022.11.06"]
[EventType "swiss"]
[EventRounds "9"]
[EventCountry "TUR"]
[SourceTitle "CBM 211 Extra"]
[Source "ChessBase"]
[SourceDate "2023.01.31"]
[SourceVersion "1"]
[SourceVersionDate "2023.01.31"]
[SourceQuality "1"]

1. d4 d5 2. Bf4 Nf6 3. Nc3 c6 4. Nf3 g6 5. e3 Bg7 6. Be2 0-0 7. h4 h5 8. Ne5 Nbd7 9. Qd3 Nxe5 10. dxe5 Ng4 11. Bxg4 Bxg4 12. f3 Bf5 13. Qe2 f6 14. exf6 Bxf6 15. g4 hxg4 16. fxg4 Be6 17. Qd3 Bf7 18. h5 g5 19. Bg3 Qa5 20. h6 Rad8 21. 0-0-0 b5 22. Rdf1 c5 23. Rxf6 exf6 24. Qf5 Qb6 25. Bc7 Qxc7 26. Qxf6 Bg6 27. Qxg6+ Kh8 28. Qxg5 d4 29. Nxb5 Qb7 30. Rg1 Rd5 31. Qg6 dxe3 32. Nd6 e2 33. b3 Qe7 34. Nf5 e1Q+ 35. Rxe1 Qxe1+ 36. Kb2 Qe5+ 37. Ka3 Rxf5 38. gxf5 Rd6 39. Qg7+ Qxg7 40. hxg7+ Kxg7 41. Ka4 Ra6+ 42. Kb5 Rxa2 43. Kxc5 Rxc2+ 44. Kb5 Kf6 45. Ka6 Rb2 46. Kxa7 Rxb3 47. Ka6 Kxf5 48. Ka5 Ke4 49. Ka4 Rb8 50. Ka5 Kd5 51. Ka6 Kc6 52. Ka5 Kc5 53. Ka4 Rb5 54. Ka3 Kc4 55. Ka4 Rc5 56. Ka3 Kc3 57. Ka2 Ra5+ 58. Kb1 Ra4 59. Kc1 0-1

[Event "TUR-chT 2nd League"]
[Site "Konya"]
[Date "2022.08.27"]
[Round "8.1"]
[White "Ince, Taylan Ruzgar"]
[Black "Oktem, Ege Tuna"]
[Result "1/2-1/2"]
[WhiteElo "2247"]
[BlackElo "1616"]
[PlyCount "64"]
[EventDate "2022.08.22"]
[EventType "team-swiss"]
[EventRounds "9"]
[EventCountry "TUR"]
[SourceTitle "CBM 210 Extra"]
[Source "ChessBase"]
[SourceDate "2022.11.30"]
[SourceVersion "1"]
[SourceVersionDate "2022.11.30"]
[SourceQuality "1"]
[WhiteTeam "Seyhan Belediye"]
[BlackTeam "Ankara DSI Genclik"]
[WhiteTeamCountry "TUR"]
[BlackTeamCountry "TUR"]

1. Nf3 d5 2. g3 Nf6 3. Bg2 g6 4. b3 Bg7 5. Bb2 c6 6. 0-0 0-0 7. c4 a5 8. Nc3 Na6 9. d4 Nc7 10. Na4 b5 11. Nb6 Rb8 12. Nxc8 Rxc8 13. cxd5 cxd5 14. Qd3 b4 15. a3 Qd6 16. axb4 axb4 17. Ne5 Nd7 18. f4 e6 19. Rfc1 Ra8 20. Rxa8 Rxa8 21. e3 Ra2 22. Qb1 Ra7 23. Rc6 Qe7 24. Bf1 Nxe5 25. dxe5 Rb7 26. Qc2 Bf8 27. Bd4 Qd7 28. g4 Nb5 29. Bxb5 Rxb5 30. Rc7 Qd8 31. g5 Qa8 32. Ra7 Qd8 1/2-1/2

[Event "TUR-chT 2nd League"]
[Site "Konya"]
[Date "2022.08.26"]
[Round "7.3"]
[White "Hatirli, Ugur Can"]
[Black "Oktem, Ege Tuna"]
[Result "0-1"]
[WhiteElo "2081"]
[BlackElo "1616"]
[PlyCount "84"]
[EventDate "2022.08.22"]
[EventType "team-swiss"]
[EventRounds "9"]
[EventCountry "TUR"]
[SourceTitle "CBM 210 Extra"]
[Source "ChessBase"]
[SourceDate "2022.11.30"]
[SourceVersion "1"]
[SourceVersionDate "2022.11.30"]
[SourceQuality "1"]
[WhiteTeam "Pamukkale Yonetimi"]
[BlackTeam "Ankara DSI Genclik"]
[WhiteTeamCountry "TUR"]
[BlackTeamCountry "TUR"]

1. Nf3 d5 2. g3 Nf6 3. Bg2 g6 4. c4 c6 5. b3 Bg7 6. Bb2 Qb6 7. cxd5 Ne4 8. d4 cxd5 9. 0-0 0-0 10. Nc3 Nxc3 11. Bxc3 Nc6 12. e3 Bg4 13. Qd2 Bxf3 14. Bxf3 e6 15. Be2 Rfc8 16. b4 Ne7 17. b5 Qd8 18. Ba5 b6 19. Bb4 Nf5 20. a4 Nd6 21. Rfc1 Qd7 22. Rcb1 Nc4 23. Qe1 Bf8 24. Bc3 Rc7 25. Rb3 a5 26. h4 Bd6 27. Bf1 f5 28. Ra2 h6 29. f3 g5 30. Rg2 Rcc8 31. e4 g4 32. exf5 gxf3 33. Ra2 Kh8 34. Ba1 Bxg3 35. Qxe6 f2+ 36. Kh1 Qxe6 37. fxe6 Bxh4 38. e7 Rg8 39. Bg2 Rxg2 40. Kxg2 Rg8+ 41. Rg3 Bxg3 42. Re2 Bh4+ 0-1

[Event "EU-ch Schools U11"]
[Site "Tornelo INT"]
[Date "2021.12.05"]
[Round "6"]
[White "Zheng, Harry Z"]
[Black "Oktem, Ege Tuna"]
[Result "0-1"]
[WhiteElo "1599"]
[BlackElo "1629"]
[PlyCount "136"]
[EventDate "2021.12.03"]
[EventType "swiss (rapid)"]
[EventRounds "7"]
[EventCountry "NET"]
[SourceTitle "EXT 2023"]
[Source "ChessBase"]
[SourceDate "2022.10.05"]
[SourceVersion "1"]
[SourceVersionDate "2022.10.05"]
[SourceQuality "1"]

1. e4 e6 2. d4 d5 3. Nd2 Be7 4. Ngf3 Nf6 5. e5 Nfd7 6. c3 c5 7. Bd3 Nc6 8. 0-0 a5 9. a4 cxd4 10. cxd4 Nb4 11. Bb5 0-0 12. Nb3 Nb8 13. Bd2 N8a6 14. Bxa6 Rxa6 15. Rc1 Bd7 16. Nc5 Ra7 17. Qb3 b6 18. Nxd7 Qxd7 19. Ng5 h6 20. Nf3 Rc8 21. h3 Rac7 22. Rc3 b5 23. axb5 Qxb5 24. Rxc7 Rxc7 25. Bc3 a4 26. Qd1 Na2 27. Qa1 Nxc3 28. bxc3 a3 29. Rb1 Qd3 30. Rb3 Qc2 31. Rb1 Qxc3 32. Qxc3 Rxc3 33. Ra1 Rc2 34. Ne1 Rd2 35. Nf3 Rb2 36. Kh2 Bb4 37. Ne1 Bxe1 38. Rxe1 Rxf2 39. Ra1 a2 40. Kg3 Rb2 41. Kf3 Kf8 42. g4 Ke7 43. Ke3 Kd7 44. Kd3 Kc6 45. h4 Kb5 46. Kc3 Rg2 47. h5 f6 48. exf6 gxf6 49. Kb3 e5 50. Kc3 e4 51. Rf1 e3 52. Kd3 Rb2 53. Ra1 e2 54. Re1 Rb1 55. Rxe2 a1Q 56. Rc2 Qa3+ 57. Kd2 Rb2 58. Rxb2+ Qxb2+ 59. Ke3 Qc3+ 60. Kf4 Qxd4+ 61. Kf5 Qe5+ 62. Kg6 d4 63. Kxh6 d3 64. Kh7 d2 65. h6 d1Q 66. Kh8 Qd8+ 67. Kg7 Qde7+ 68. Kh8 Qb8# 0-1

[Event "EU-ch Schools U11"]
[Site "Tornelo INT"]
[Date "2021.12.03"]
[Round "2"]
[White "Kovacec, Tilen"]
[Black "Oktem, Ege Tuna"]
[Result "0-1"]
[WhiteElo "1423"]
[BlackElo "1629"]
[PlyCount "86"]
[EventDate "2021.12.03"]
[EventType "swiss (rapid)"]
[EventRounds "7"]
[EventCountry "NET"]
[SourceTitle "EXT 2023"]
[Source "ChessBase"]
[SourceDate "2022.10.05"]
[SourceVersion "1"]
[SourceVersionDate "2022.10.05"]
[SourceQuality "1"]

1. d4 d5 2. c4 dxc4 3. Nc3 c5 4. d5 e6 5. e4 Nf6 6. Bxc4 exd5 7. exd5 Bd6 8. Bg5 0-0 9. Nge2 Bf5 10. h3 a6 11. a4 Nbd7 12. 0-0 Qc7 13. Qd2 Rfe8 14. Rfe1 h6 15. Bh4 Ne5 16. Ba2 Nfd7 17. Bg3 Bxh3 18. Bxe5 Nxe5 19. f4 Bg4 20. fxe5 Rxe5 21. Bb3 Rh5 22. Bc2 c4 23. Be4 Re8 24. g3 Bxg3 25. Nxg3 Qxg3+ 26. Qg2 Qf4 27. Bh7+ Kxh7 28. Rxe8 Bf3 29. Qc2+ g6 30. Ne2 Qh2+ 31. Kf1 Qg2+ 32. Ke1 Rh1+ 33. Kd2 Qg5+ 34. Kc3 Rxa1 35. Rf8 Qe5+ 36. Nd4 Bxd5 37. Qf2 Rc1+ 38. Kb4 Qd6+ 39. Ka5 Qc5+ 40. Nb5 Qxf2 41. Nd6 Qc5+ 42. Nb5 axb5 43. axb5 Ra1# 0-1

[Event "Ankara Ipek Memorial 8th"]
[Site "Ankara"]
[Date "2020.03.08"]
[Round "6"]
[White "Ceneli, Mehmet Canay"]
[Black "Oktem, Ege Tuna"]
[Result "1/2-1/2"]
[WhiteElo "1431"]
[BlackElo "1546"]
[PlyCount "130"]
[EventDate "2020.03.04"]
[EventType "swiss"]
[EventRounds "7"]
[EventCountry "TUR"]
[SourceTitle "CBM 195 Extra"]
[Source "ChessBase"]
[SourceDate "2020.05.31"]
[SourceVersion "1"]
[SourceVersionDate "2020.05.31"]
[SourceQuality "1"]

1. d4 d5 2. c4 dxc4 3. Nc3 c5 4. e3 cxd4 5. exd4 e6 6. Bxc4 Nf6 7. Nf3 Nc6 8. 0-0 Be7 9. Bf4 0-0 10. Rc1 a6 11. a4 Nb4 12. Qb3 b6 13. Rfd1 Bb7 14. Ne5 Nbd5 15. Bg5 Nxc3 16. bxc3 Nd5 17. Bd2 Bg5 18. Bxd5 Bxd5 19. c4 Bxd2 20. Rc2 Bxg2 21. Rcxd2 Bb7 22. Rd3 Rc8 23. a5 b5 24. cxb5 Bd5 25. Qb4 Rc1 26. Qd2 Rxd1+ 27. Qxd1 Qxa5 28. bxa6 Qxa6 29. Rg3 Ra8 30. Rc3 h6 31. Rc1 Qa4 32. Qh5 Qe8 33. Ng4 f5 34. Qxe8+ Rxe8 35. Ne3 Rd8 36. Nxd5 Rxd5 37. Rc4 Kf7 38. h4 Kf6 39. f4 g5 40. hxg5+ hxg5 41. fxg5+ Kxg5 42. Rc6 Kf6 43. Rc4 Kg5 44. Rc6 Rxd4 45. Rxe6 Kf4 46. Re2 Rd3 47. Rf2+ Rf3 48. Re2 Re3 49. Rb2 Kg4 50. Kf2 f4 51. Rb8 Rf3+ 52. Kg2 Rg3+ 53. Kf2 Rf3+ 54. Kg2 Re3 55. Kf2 Re5 56. Rg8+ Kf5 57. Kf3 Re3+ 58. Kf2 Re6 59. Kf3 Rf6 60. Rb8 Kg5 61. Rg8+ Kf5 62. Rb8 Rc6 63. Rb5+ Kf6 64. Kxf4 Rc4+ 65. Ke3 Rc3+ 1/2-1/2

[Event "Ankara Ipek Memorial 8th"]
[Site "Ankara"]
[Date "2020.03.08"]
[Round "7"]
[White "Oktem, Ege Tuna"]
[Black "Bilen, Tuna"]
[Result "1-0"]
[WhiteElo "1546"]
[BlackElo "1367"]
[PlyCount "90"]
[EventDate "2020.03.04"]
[EventType "swiss"]
[EventRounds "7"]
[EventCountry "TUR"]
[SourceTitle "CBM 195 Extra"]
[Source "ChessBase"]
[SourceDate "2020.05.31"]
[SourceVersion "1"]
[SourceVersionDate "2020.05.31"]
[SourceQuality "1"]

1. e4 e5 2. Nf3 Nc6 3. d4 exd4 4. Bc4 Nf6 5. e5 d5 6. Bb5 Ne4 7. Nxd4 Bc5 8. Be3 Bd7 9. Bxc6 bxc6 10. 0-0 0-0 11. f3 Ng5 12. f4 Ne4 13. Nd2 Nxd2 14. Qxd2 Rb8 15. Nb3 Bxe3+ 16. Qxe3 Bf5 17. Rf2 Rb6 18. h3 h5 19. Nd4 Qd7 20. g4 hxg4 21. hxg4 Bxg4 22. f5 c5 23. Qg5 Rh6 24. Rg2 f6 25. Qxg4 cxd4 26. e6 Qe7 27. Qxd4 c6 28. Rf1 Rd8 29. Rf3 c5 30. Qf4 Rh7 31. Rb3 c4 32. Rb8 Qc5+ 33. Rf2 Qa5 34. Rxd8+ Qxd8 35. Qd4 Qa5 36. c3 Kf8 37. Rd2 Rh5 38. Qxd5 Rxf5 39. Qd6+ Kg8 40. Qd8+ Kh7 41. Rh2+ Kg6 42. Qe8+ Kg5 43. Qh5+ Kf4 44. Rf2+ Ke4 45. Qg4+ Kd5 1-0

[Event "Ankara Ipek Memorial 8th"]
[Site "Ankara"]
[Date "2020.03.07"]
[Round "4"]
[White "Celik, Berkay"]
[Black "Oktem, Ege Tuna"]
[Result "0-1"]
[WhiteElo "1870"]
[BlackElo "1546"]
[PlyCount "106"]
[EventDate "2020.03.04"]
[EventType "swiss"]
[EventRounds "7"]
[EventCountry "TUR"]
[SourceTitle "CBM 195 Extra"]
[Source "ChessBase"]
[SourceDate "2020.05.31"]
[SourceVersion "1"]
[SourceVersionDate "2020.05.31"]
[SourceQuality "1"]

1. f4 d5 2. Nf3 Nf6 3. e3 c5 4. b3 g6 5. Bb2 Bg7 6. Bb5+ Bd7 7. Be2 Nc6 8. 0-0 0-0 9. Bb5 a6 10. Bxc6 Bxc6 11. Ne5 Nd7 12. Nxc6 bxc6 13. Bxg7 Kxg7 14. d3 f6 15. f5 g5 16. Rf3 Qe8 17. Rh3 Rh8 18. Rh5 h6 19. Nd2 Ne5 20. Nf1 d4 21. Ng3 a5 22. Ne4 Nd7 23. a4 e6 24. g4 e5 25. Qf3 Qe7 26. Kg2 Nb6 27. h4 Nd5 28. hxg5 hxg5 29. Rah1 dxe3 30. Kf1 Nf4 31. Rxh8 e2+ 32. Qxe2 Rxh8 33. Qf3 Rxh1+ 34. Qxh1 Nd5 35. Qg1 Nb4 36. Qf2 Na6 37. Qd2 Qd8 38. Qc3 Qb6 39. Qc4 Nb4 40. Qe6 Qd8 41. Nd6 Qg8 42. Ne8+ Kf8 43. Qc8 Ke7 44. Qc7+ Kxe8 45. Qc8+ Kf7 46. Qe6+ Kg7 47. Qe7+ Qf7 48. Qxc5 Qc7 49. Ke2 Nd5 50. Kd1 Qb6 51. Qd6 Qg1+ 52. Kd2 Qe3+ 53. Kd1 Nc3# 0-1

[Event "Ankara Ipek Memorial 8th"]
[Site "Ankara"]
[Date "2020.03.07"]
[Round "3"]
[White "Oktem, Ege Tuna"]
[Black "Akin, Yagiz Cinar"]
[Result "1/2-1/2"]
[WhiteElo "1546"]
[BlackElo "1861"]
[PlyCount "89"]
[EventDate "2020.03.04"]
[EventType "swiss"]
[EventRounds "7"]
[EventCountry "TUR"]
[SourceTitle "CBM 195 Extra"]
[Source "ChessBase"]
[SourceDate "2020.05.31"]
[SourceVersion "1"]
[SourceVersionDate "2020.05.31"]
[SourceQuality "1"]

1. e4 c5 2. c3 d5 3. exd5 Qxd5 4. d4 Nc6 5. Nf3 e5 6. Be2 e4 7. Ne5 Nxe5 8. dxe5 Qxd1+ 9. Bxd1 Bd7 10. 0-0 0-0-0 11. Nd2 f5 12. f4 Bb5 13. c4 Bc6 14. Nb3 b6 15. a4 Nh6 16. h3 Be7 17. Be2 Nf7 18. a5 Kb7 19. Be3 Rhg8 20. axb6 axb6 21. Kh2 Rdf8 22. g4 g6 23. gxf5 gxf5 24. Rg1 Nd8 25. Rxg8 Rxg8 26. Rg1 Rxg1 27. Kxg1 Ne6 28. Nd2 Nd4 29. Bd1 b5 30. Nb3 Nxb3 31. Bxb3 b4 32. Bc2 Be8 33. Bd1 Bf7 34. b3 Kc6 35. Kf1 Kd7 36. Ke1 Ke8 37. Kd2 Kf8 38. Bf2 Kg7 39. Ke3 Kh6 40. Be2 Be6 41. Bg3 Bf7 42. Bf2 Bg6 43. Bg3 Kg7 44. Bf2 Kf8 45. Bg3 1/2-1/2